000 00597nam a2200229Ia 4500
003 OSt
005 20220928110900.0
006 a|||||r|||| 00| 0
007 ta
008 220927b |||||||| |||| 00| 0 eng d
024 _a60045
037 _cTextual
040 _aSDCL
_cSDCL
_beng
041 _2eng
_aeng
082 _aR691, M2
100 _aChattopadhyay Devoprashad
_9421019
245 0 _aLokayat
260 _aNew Delhi
_bMechnical India Limited
_c1982
300 _a551p.
_ccm.
942 _hR691, M2
_cTEXL
_2CC
999 _c737292
_d737292